Proyección de población y hogares, según las divisiones político-administrativas, zonas programáticas de salud y regiones de planificación nacional, por áreas geográficas de atención prioritaria: 1973-1983 /
Salvato in:
| Autore principale: | |
|---|---|
| Altri autori: | |
| Natura: | testo |
| Lingua: | Spanish |
| Pubblicazione: |
San José:
Asociación Demográfica Costarricense. Comité Nacional de Población
|
| Tags: |
Aggiungi Tag
Nessun Tag, puoi essere il primo ad aggiungerne!!
|
MARC
| LEADER | 00000 a a2200000 04500 | ||
|---|---|---|---|
| 001 | 16467 | ||
| 003 | cru CIDCACS/IIS | ||
| 005 | 20231019093337.0 | ||
| 008 | 231019b |||||||| |||| 00| 0 spa d | ||
| 040 | |c cru CIDCACS/IIS | ||
| 090 | |a 14.01.02 R816p | ||
| 100 | |a Rosero Bixby, Luis | ||
| 245 | |a Proyección de población y hogares, según las divisiones político-administrativas, zonas programáticas de salud y regiones de planificación nacional, por áreas geográficas de atención prioritaria: 1973-1983 / |c Luis Rosero Bixby | ||
| 260 | |a San José: |b Asociación Demográfica Costarricense. Comité Nacional de Población | ||
| 300 | |a 105 p. | ||
| 700 | |a Sosa J, Doris | ||
| 942 | |2 z |c LI |h 14.01.02 R816p |i 06603 |6 140102_R816P_06603 | ||
| 999 | |c 14109 |d 14109 | ||
